000 005350000a22001570004500
090 _aAR
_b00298
100 1 _aMeyer de Schauensee, Rodolphe
_99457
245 1 0 _aA collection of birds from southeastern Nariño, Colombia
650 1 4 _aAves
_992429
650 1 4 _aColecciones ornitológicas
_993129
650 1 4 _aNuevas especies
_992905
651 4 _lCordillera de los Andes
_dNariño
_pColombia
_992749
041 0 _aInglés
942 _cARTICULO
773 1 _tProceedings of the Academy of Natural Sciences Philadelphia
_3123
_h104
_q1-33
_d1952
999 _c9397
_d9397